Religión católica 4 : Primaria [Segundo ciclo]

Gespeichert in:
Bibliographische Detailangaben
Körperschaft: Equipo Edebé
Format: Buch
Sprache:Spanisch
Erschienen: Barcelona : Edebé, 2002
Katalog:MANES:  Suchergebnis im Bibliothekskatalog
Schulbuchspezifische Eigenschaften:
Schriftenreihe:Berakah
Schlagworte:
Tags: Tag hinzufügen
Keine Tags, Fügen Sie den ersten Tag hinzu!
Hinzugefügt zu:19.05.1999
Geändert in:07.05.2025

MARC

LEADER 00000cam a2200000 i 4500
005 20250507134533.0
008 990520s2002 espoa fp 000 0 spa d
020 |a 8423649504 
040 |a uned  |b spa  |c entro-manes 
110 2 |a Equipo Edebé  |9 36706 
245 1 0 |a Religión católica 4 :   |b Primaria [Segundo ciclo] /   |c [Equipo Edebé] 
260 |a Barcelona :   |b Edebé,   |c 2002 
300 |a 111 p. :   |b il 
490 0 |a Berakah 
546 |a España 
561 |5 es-BUNED  |3 L.T.M. 1129  |a España. Fondo Manes UNED  |k MANES 
650 7 |a Enseñanza religiosa 
690 0 |a RyM 
691 0 |a PRI 
942 |2 ddc  |c BK 
999 |c 96713  |d 96713 
999 |c manes:96713  |d 96713